banner koha

2. Encontro da pesca artesanal do nordeste; relatorio final (Registro n. 75057)

MARC details
000 -LÍDER
campo de controle de tamanho fixo 01016nam a22002897a 4500
001 - NÚMERO DE CONTROLE
campo de controle BR2010005328
003 - IDENTIFICADOR DO NÚMERO DE CONTROLE
campo de controle BR-BrBNA
005 - DATA E HORÁRIO DA ÚLTIMA TRANSAÇÃO
campo de controle 20230928103426.0
007 - CAMPO FIXO DE DESCRIÇÃO FÍSICA--INFORMAÇÃO GERAL
campo de controle de tamanho fixo ta
008 - CAMPO DE DADOS FIXOS--INFORMAÇÃO GERAL
campo de controle de tamanho fixo 230509b bl.||||| |||| 00| 0 por d
040 ## - FONTE DA CATALOGAÇÃO
Instituição da catalogação original BR-BrBNA
Idioma da catalogação por
Instituição que transcreveu o registro Biblioteca Nacional de Agricultura
041 ## - CÓDIGO DE IDIOMA
Código do idioma do texto/trilha sonora ou título diferente (Por)
072 ## - CÓDIGO DE CATEGORIA DE ASSUNTO
Código de Categoria de Assunto M11
090 ## - NÚMERO DE CHAMADA LOCAL
-- M11 BR2010005328
110 1# - ENTRADA PRINCIPAL--NOME CORPORATIVO
Nome corporativo ou nome da jurisdição Federação das Associações dos Engenheiros de Pesca do Brasil, Cabedelo, PB (Brasil)
9 (RLIN) 4712
110 1# - ENTRADA PRINCIPAL--NOME CORPORATIVO
Nome corporativo ou nome da jurisdição Secretaria do Desenvolvimento da Pesca de Cabedelo, PB (Brasil)
110 1# - ENTRADA PRINCIPAL--NOME CORPORATIVO
Nome corporativo ou nome da jurisdição Federação dos Pescadores da Paraíba, Cabedelo (Brasil)
111 1# - ENTRADA PRINCIPAL--NOME DO EVENTO
Nome do evento ou lugar 2. Encontro da Pesca Artesanal do Nordeste
Local do evento Cabedelo, PB (Brazil)
Data do evento ou assinatura do tratado 04-06 Sep 1998
245 1# - TÍTULO
Título 2. Encontro da pesca artesanal do nordeste; relatorio final
260 3# - PUBLICAÇÃO, DISTRIBUIÇÃO, ETC.
Local de publicação, distribuição, etc. Cabedelo, PB (Brasil):
Data da publicação, distribuição, etc. 1998.
300 ## - DESCRIÇÃO FÍSICA
Extensão 116 p.
650 ## - ASSUNTO--TERMO TÓPICO
Cabeçalho tópico ou nome geográfico PESCA ARTESANAL
650 ## - ASSUNTO--TERMO TÓPICO
Cabeçalho tópico ou nome geográfico RECURSO PESQUEIRO
650 ## - ASSUNTO--TERMO TÓPICO
Cabeçalho tópico ou nome geográfico DESENVOLVIMENTO PESQUEIRO
909 ## -
-- 202309
-- Lucia
-- 55
-- Lucia Elande
942 ## - ELEMENTOS DE ENTRADA ADICIONADOS (KOHA)
Tipo de material Koha Livros
Exemplares
Situação do descarte Fonte da classificação ou esquema de arquivamento na estante Situação física Não pode ser emprestado Coleção Biblioteca de origem Biblioteca atual Total de empréstimos Número de telefone completo Código de barras Data de último acesso Número do exemplar Tipo de material Koha Situação das perdas Data de aquisição Fonte de aquisição
  Classificação AGRIS       Biblioteca Nacional de Agricultura - Binagri Biblioteca Nacional de Agricultura - Binagri   M11 BR2010005328 M11 BR2010005328 25/09/2023 01 Livros   2023-09-25 Portaria Interministerial nº 164/94

BINAGRI

Telefone: (61)3218-2567/2388/3357/2097 - binagri@agro.gov.br

Ministério da Agricultura e Pecuária , Esplanada dos Ministérios, Bloco D, Anexo B, Brasília/DF, CEP: 70.043-900